Statistics for Biathlon world cup 2014 standings - men

Click here to take the quiz!

General Stats

  • This quiz has been taken 133 times
  • The average score is 7 of 10

Answer Stats

Hint Answer % Correct
FranceMartin Fourcade
98%
NorwayJohannes Thingnes Bø
94%
NorwayEmil Hegle Svendsen
92%
NorwayOle Einar Bjørndalen
83%
AustriaDominik Landertinger
81%
AustriaSimon Eder
81%
GermanySimon Schempp
77%
RussiaAnton Shipulin
35%
GermanyArnd Peiffer
33%
SwedenBjörn Ferry
20%

Score Distribution

Percentile by Number Answered

Percent of People with Each Score

Your Score History

You have not taken this quiz